Združenie ATM v Slovenskej republike ročenka 2001
Gespeichert in:
| Körperschaft: | |
|---|---|
| Format: | Buch |
| Sprache: | Slowakisch |
| Veröffentlicht: |
Nitra
ÚVTIP
[2002]
|
| Schlagworte: | |
| Tags: |
Keine Tags, Fügen Sie das erste Tag hinzu!
|
MARC
| LEADER | 00000nam a2200000 4500 | ||
|---|---|---|---|
| 001 | c141083 | ||
| 005 | 20221221130708.2 | ||
| 020 | |a 80-85330-97-0 | ||
| 041 | 0 | |a slo | |
| 044 | |a SK | ||
| 245 | 1 | 0 | |a Združenie ATM v Slovenskej republike |b ročenka 2001 |
| 264 | 1 | |a Nitra |b ÚVTIP |c [2002] | |
| 300 | |a 134 s. | ||
| 610 | 2 | 0 | |a telekomunikácie |
| 610 | 2 | 0 | |a technológie komunikačné |
| 610 | 2 | 0 | |a predstavenstvo |
| 610 | 2 | 0 | |a Slovensko |
| 710 | 2 | |a Združenie ATM v SR | |